00529nam a2200181 4500003001100000005001700011008004100028040003900069041000800108082001300116100001600129245003300145260004000178650002000218942000700238952008700245999001500332LK-CoMWRAF20230905234059.0230905b1950 |||||||| |||| 00| 0 eng d aLK-CoMWRAFdLK-CoMWRAFeLK-CoMWRAF aeng a823bTWA aTwain, Mark aThe Adventure of Tom Sawyer  aMaryland :bPenguin books Ltdc1950 aEnglish Fiction cBK 00104070aMAINbMAINd2023-09-05l0o823 TWApRAF848r2023-09-05w2023-09-05yBK c3419d3419